000 00883nam a22002177a 4500
999 _c2589
_d2589
003 AR-CdUCM
008 190305b ||||| |||| 00| 0 spa d
040 _aMUNICIPALIDAD PROVINCIAL DEL CUSCO
_cBIBLIOTECA MUNICIPAL DEL CUSCO
082 _a330.12 /
_bS37
100 _aSeligman, Ben B.
_99145
245 _aPrincipales corrientes de la ciencia económica moderna :
_bEl pensamiento económico después de 1870 /
260 _aBarcelona :
_bOikos-tau,
_c1967.
300 _a961 paginas ;
_c24 cm.
505 _aLa rebelación contra el formalismo -- El ataque socialista -- Institucionalistas y espíritus de disensión -- La reafirmación de la tradición -- La economía del equilibrio y la unificación de la teoría ...
650 _aEconomía
_9382
650 _aHistoria
_9136
650 _aSiglo XX.
_98
650 _aFilosofía
_9395
942 _2ddc
_cLIBROS
945 _aacv